| 000 | 00632nam a2200229Ia 4500 | ||
|---|---|---|---|
| 003 | OSt | ||
| 005 | 20220918172258.0 | ||
| 006 | a|||||r|||| 00| 0 | ||
| 007 | ta | ||
| 008 | 220917b |||||||| |||| 00| 0 eng d | ||
| 024 | _a47 | ||
| 037 | _cTextual | ||
| 040 |
_aARTS _cARTS _beng |
||
| 041 |
_2eng _aeng |
||
| 082 | _aO:6L09:90V3, J2.1-.2 | ||
| 100 |
_aTurberville A S. _941078 |
||
| 245 | 0 |
_aJohnson's England _b an account of the life and manners of his age |
|
| 260 | _c1952 | ||
| 650 | _aENGLISH LITERATURE | ||
| 942 |
_hO:6L09:90V3, J2.1-.2 _cTEXL _2CC |
||
| 999 |
_c143304 _d143304 |
||